| 000 | 00689nam a2200229Ia 4500 | ||
|---|---|---|---|
| 005 | 20260601193255.0 | ||
| 008 | 260601s9999||||xx |||||||||||||| ||und|| | ||
| 020 |
_a978-3-031-69577-3 _qebk |
||
| 100 | _aJesus Carretero | ||
| 245 | 0 | _aEuro-Par 2024: Parallel Processing | |
| 250 | _a2024 | ||
| 260 |
_aHeidelberg, Germany _bSpringer Nature _c2024 |
||
| 440 | _aLecture Notes in Computer Science | ||
| 650 | _aComputer Science | ||
| 700 | _aIvona Brandic | ||
| 700 | _aJavier Garcia-Blas | ||
| 700 | _aKatzalin Olcoz | ||
| 700 | _aMartin Schreiber | ||
| 700 | _aSameer Shende | ||
| 856 | _uhttps://link.springer.com/openurl?genre=book&isbn=978-3-031-69577-3 | ||
| 942 |
_cEB _2ddc |
||
| 999 |
_c56835 _d56835 |
||